| 000 | 00637cam a22002053a 4500 | ||
|---|---|---|---|
| 001 | 41239 | ||
| 003 | PGUSA | ||
| 005 | 20140828083929.0 | ||
| 008 | 121030s2012||||xxu|||||s|||||000 | eng d | ||
| 040 |
_aPGUSA _beng |
||
| 042 | _adc | ||
| 100 | 1 | _aHelm, Clementine | |
| 245 | 1 | 0 |
_aTusschen mal en dwaas : _bWat een meisje te genieten en te lijden heeft, eer zij de wereld in is _h[electronic resource] / _cClementine Helm |
| 260 |
_bProject Gutenberg, _c2012 |
||
| 506 | _aPublic domain in the USA. | ||
| 516 | _aElectronic text | ||
| 830 | 0 |
_aProject Gutenberg _v41239 |
|
| 856 | 4 | 0 | _uhttp://www.gutenberg.org/ebooks/41239 |
| 942 | _cEB | ||
| 999 |
_c270491 _d270491 |
||